Từ điển luật học
Salvato in:
| Ente Autore: | |
|---|---|
| Natura: | Libro |
| Lingua: | Undetermined |
| Pubblicazione: |
Hà Nội
Từ điển bách khoa
2006
|
| Soggetti: | |
| Tags: |
Aggiungi Tag
Nessun Tag, puoi essere il primo ad aggiungerne! !
|
| Thư viện lưu trữ: | Trung tâm Học liệu Trường Đại học Cần Thơ |
|---|
| LEADER | 00623nam a2200205Ia 4500 | ||
|---|---|---|---|
| 001 | CTU_192661 | ||
| 008 | 210402s9999 xx 000 0 und d | ||
| 020 | |c 490000 | ||
| 082 | |a 340.03 | ||
| 082 | |b V305 | ||
| 110 | |a Viện khoa học pháp lý | ||
| 245 | 0 | |a Từ điển luật học | |
| 245 | 0 | |c Viện khoa học pháp lý | |
| 260 | |a Hà Nội | ||
| 260 | |b Từ điển bách khoa | ||
| 260 | |c 2006 | ||
| 650 | |a Legal,Jurisprudence,Luật pháp | ||
| 650 | |x Dictionaries,Terminology,Từ điển | ||
| 904 | |i Hải | ||
| 980 | |a Trung tâm Học liệu Trường Đại học Cần Thơ | ||